=LDR 00000nam 2200000 4500 =001 INLIS000000000029001 =005 20171030043450 =035 ##$$a 0010-061300000029001 =008 171030###########################0###### =041 ##$$a Ind =082 ##$$a 364.15 =090 ##$$a 364.15, Hin m =100 ##$$a Hindra, Eka =245 1#$$a Memoye Mereka memanggilku, Eka Hindra, Koichi Kimura /$c Eka Hindra, Koichi Kimura =260 ##$$a Yogyakarta :$b Esensi,$c 2007 =300 ##$$a x, 314 Hlm : $b Ilus ; $c 18 cm =850 ##$$a NBPNMAT =020 ##$$a 978-979-015-219-9 =084 ##$$a 364.15 Hin m =990 ##$$a 20705304 =990 ##$$a 1292112921 =990 ##$$a 20705306/Pb-07 =990 ##$$a 20705304